| 000 | 01480cam a22004098a 4500 | ||
|---|---|---|---|
| 001 | 14429738 | ||
| 005 | 20150128142355.0 | ||
| 008 | 060627s2007 pau b 001 0 eng | ||
| 010 | _a 2006045076 | ||
| 020 | _a9781416002871 | ||
| 020 | _a1416002871 | ||
| 020 | _a9781437709742 | ||
| 020 | _a9789812729989 | ||
| 035 | _a(DNLM)101280889 | ||
| 040 |
_aDNLM/DLC _cDLC _dDLC |
||
| 042 | _apcc | ||
| 050 | 0 | 0 |
_aRB 37 _b.C54 2012 |
| 060 | 1 | 0 |
_aQY 25 _bH521 2007 |
| 082 | 0 | 0 | _a616.07/56 |
| 245 | 0 | 0 | _aHenry's clinical diagnosis and management by laboratory methods / |
| 246 | 3 | 0 | _aClinical diagnosis and management by laboratory methods |
| 250 |
_a21st ed. / _b[edited by] Richard A. McPherson, Matthew R. Pincus. |
||
| 260 |
_aPhiladelphia : _bSaunders Elsevier, _cc2011. |
||
| 263 | _a0608 | ||
| 300 |
_a1543 pages : _c29 cm. _bcolored illustrations ; |
||
| 500 | _aRev. ed. of: Clinical diagnosis and management by laboratory methods / [edited by] John Bernard Henry. 20th ed. c2001. | ||
| 504 | _aIncludes bibliographical references and index. | ||
| 650 | 0 | _aDiagnosis, Laboratory. | |
| 650 | 1 | 2 | _aClinical Laboratory Techniques. |
| 700 | 1 | _aMcPherson, Richard A. | |
| 700 | 1 | _aPincus, Matthew R. | |
| 700 | 1 |
_aHenry, John Bernard, _d1928-2009. |
|
| 730 | 0 | _aClinical diagnosis and management by laboratory methods. | |
| 906 |
_a7 _bcbc _corignew _d1 _eocip _f20 _gy-gencatlg |
||
| 942 |
_2lcc _cBK |
||
| 999 |
_c278911 _d278911 |
||